| 000 | 00443nam a2200193Ia 4500 | ||
|---|---|---|---|
| 003 | LK-CoDNM | ||
| 005 | 20241204102858.0 | ||
| 008 | 010623t xxu||||| |||| 00| 1 sin d | ||
| 040 |
_aLK-CoDNM _dLK-CoDNM _eLK-CoDNM |
||
| 041 | _asin | ||
| 080 |
_a294.3 _bP.Box |
||
| 245 | _aවන්දනා ගාථා | ||
| 246 | _aWandana Gatha | ||
| 260 | _c1992 | ||
| 300 | _b42p. ; 18 cm | ||
| 650 | _aBuddhism | ||
| 650 | _a1992 | ||
| 942 | _cBK | ||
| 999 |
_c140891 _d140891 |
||